000 00583nam a2200229Ia 4500
003 OSt
005 20220912144340.0
006 a|||||r|||| 00| 0
007 ta
008 220909b |||||||| |||| 00| 0 eng d
020 _aSL0859480
024 _a191619
037 _cTextual
040 _aCSL
_beng
_cCSL
041 _aeng
082 _aB2T0bX:89A, P6
100 _aCrawford m; Benedett a
245 0 _aNew products management
700 _aCrawford m; Benedett a
942 _hB2T0bX:89A, P6
_cTEXL
_2CC
999 _c5689
_d5689